Pojištění dlouhodobé péče na poli České asociace pojišťoven
Česká asociace pojišťoven (ČAP) a problematika pojistenia dlhodobej starostlivosti. Skupinový a individuálny model ČAP. Koncepčné riešenie produktu dlhdobej starostlivosti ČAP.
Salvato in:
| Autore principale: | |
|---|---|
| Natura: | Capitolo di libro |
| Lingua: | ceco |
| Soggetti: | |
| Tags: |
Nessun Tag, puoi essere il primo ad aggiungerne!!
|
MARC
| LEADER | 00000naa a2200000 4500 | ||
|---|---|---|---|
| 001 | 0270209 | ||
| 005 | 20201130080803.8 | ||
| 041 | 0 | |a cze | |
| 044 | |a CZ | ||
| 245 | 1 | 0 | |a Pojištění dlouhodobé péče na poli České asociace pojišťoven |c Martina Sobková |
| 520 | |a Česká asociace pojišťoven (ČAP) a problematika pojistenia dlhodobej starostlivosti. Skupinový a individuálny model ČAP. Koncepčné riešenie produktu dlhdobej starostlivosti ČAP. | ||
| 610 | 2 | 0 | |a poisťovníctvo |
| 610 | 2 | 0 | |a poistenie |
| 610 | 2 | 0 | |a poistenci |
| 610 | 2 | 0 | |a starostlivosť o invalidov |
| 610 | 2 | 0 | |a starostlivosť zdravotná |
| 100 | 1 | |a Sobková, Martina | |